| 000 | 00674nac a22002051u 4500 | ||
|---|---|---|---|
| 010 | _a 00041131 | ||
| 020 | _a0071488596 : | ||
| 082 | 0 | 0 |
_a693.1 _bTAL |
| 090 |
_c8333 _d8333 |
||
| 100 | _aTaly, Narendra. | ||
| 245 | 1 | 0 |
_aDesign of reinforced masonry structures / _cNarendra Taly. |
| 260 |
_aLondon : _bMcGraw Hill,2001 _cc2001. |
||
| 300 |
_a1 v. (various pagings) : _bill. ; _c24 cm. |
||
| 500 | _aDistributer: Al-Ahram | ||
| 504 | _aIncludes bibliographical references and index. | ||
| 511 | _aCatalogued by: Sara | ||
| 650 | 0 | _aReinforced concrete construction. | |
| 650 | 0 | _aBuilding, Brick. | |
| 942 |
_cBB _k693.1TAL |
||
| 999 |
_c8333 _d8333 |
||